| Tag |
First Indicator |
Second Indicator |
Subfields |
| LEADER |
00000cam a2200000 a 4500 |
| 001 |
in00000085325 |
| 005 |
20151008055835.0 |
| 008 |
820409s1982 nyua b 00010 eng d |
| 020 |
|
|
|a 0471280038 (cloth)
|
| 020 |
|
|
|a 0471100986 (paper)
|
| 035 |
|
|
|a (OCoLC)08325741
|
| 035 |
|
|
|9 AAJ4527AM
|
| 040 |
|
|
|a AFM
|c AFM
|d TXA
|d UtOrBLW
|
| 049 |
|
|
|a TXAM
|c [952055]
|
| 050 |
|
0 |
|a TA710
|b .S55
|
| 092 |
|
|
|a 624.1'5136'01515353
|
| 100 |
1 |
|
|a Smith, I. M.
|
| 245 |
1 |
0 |
|a Programming the finite element method :
|b with application to geomechanics /
|c I.M. Smith.
|
| 264 |
|
1 |
|a New York :
|b John Wiley & Sons,
|c [1982]
|
| 264 |
|
4 |
|c ©1982
|
| 300 |
|
|
|a ix, 351 pages :
|b illustrations ; 24 cm.
|
| 336 |
|
|
|a text
|b txt
|2 rdacontent
|
| 337 |
|
|
|a unmediated
|b n
|2 rdamedia
|
| 338 |
|
|
|a volume
|b nc
|2 rdacarrier
|
| 504 |
|
|
|a Includes bibliographies and indexes.
|
| 650 |
|
0 |
|a Soil mechanics
|x Data processing.
|
| 650 |
|
0 |
|a Finite element method.
|
| 999 |
|
|
|a MARS
|
| 999 |
f |
f |
|s bc00a5c5-dfe1-3181-a5b0-76524ab9b4d5
|i 6a0020d7-d68b-3301-9567-f3ca668780b8
|t 0
|
| 952 |
f |
f |
|p normal
|a Texas A&M University
|b College Station
|c Sterling C. Evans Library
|d Evans: Library Stacks
|t 0
|e TA710 .S55
|h Library of Congress classification
|i unmediated -- volume
|m A14806243865
|
| 998 |
f |
f |
|a TA710 .S55
|t 0
|l Evans: Library Stacks
|